000 00386 a2200169 4500
001 69104
020 _a8516027635
040 _cAnchieta - Itaigara
100 _aAranha, Maria Lúcia de Arruda
240 1 0 _aA praça é do povo
_lpor
245 1 0 _aA praça é do povo
300 _a48
362 0 _a2001
440 1 _aModerna
650 4 _aLiteratura infanto-juvenil
942 _cBK
999 _c69104
_d69104